00656cam a2200217 a 4500001001000000003000900010005001700019008004100036020001500077040003000092082001700122100002300139245007700162260005000239300003600289500002100325650002400346650002000370650002600390651002200416000014520DO-SdBNP20250409114325.0930602s1997 xx 000 0 eng d a9768083786 aDO-SdBNPbspadBNPHUcrda a304.5bW145c1 aWaithe, Neilson A.10aCaribbean people in love :ba handbook for couples /cNeilson A. Waithe. aSt. Michael, Barbados :bCCC Building,c1997. avii, 110 p. :btablas ;c18 cm. aIncluye índice 4aCostumbres sexuales 4aFamilias negras 4aConsejería pastoral 0aCaribe (Región)